| 000 | 00653nam a2200169 a 4500 | ||
|---|---|---|---|
| 008 | 110905s1974 ||||||||||||||||| || u | ||
| 050 | _aRK 71 Tyl | ||
| 100 | _aTylman, Stanley D | ||
| 245 | 1 | 0 | _aTheory and practice of crown and bridge prosthesis. (2nd ed.) |
| 250 | _a2nd ed. | ||
| 260 |
_aSt Louis, Missouri: _bC. V. Mosby _c1974 |
||
| 300 | _axx, 960p.: ill. | ||
| 350 | _a0.00 | ||
| 650 | 0 | _aDENTISTRY--ATLASES | |
| 650 | _aCROWNS (PROSTHETIC DENTISTRY) | ||
| 995 |
_aMEDICAL LIBRARY OPEN ACCESS _D0.00 _e900940 _FCBU-SCHOOL OF MEDICINE LIBRARY (Ndola) _H1 _I0.00 _jRK 71 Tyl _M1 _UAVAILABLE _WOct 27, 2011 _y900940 _ZMedical Library Open Access Collection |
||
| 999 |
_c32905 _d32905 |
||